000 00555nam a22001697a 4500
003 MACL
005 20160724133853.0
008 160724b xxu||||| |||| 00| 0 eng d
040 _cMACL
041 _aHindi
082 _a920 VAN
100 _aवंशी, बलदेव
_950994
245 _aभारतीय नारी सन्‍त परम्‍परा
_cबलदेव वंशी
260 _aनई दिल्‍ली
_bपूज्‍य प्रकाशन
_c2012
650 _aजीवनी
_97943
942 _2ddc
_cHIN
999 _c54889
_d54889